Introducción a los regímenes y constituciones árabes
Sparad:
| Huvudupphovsmän: | , |
|---|---|
| Materialtyp: | Bok |
| Språk: | spanska |
| Publicerad: |
Madrid
Centro de Estudios Constitucionales
1985
|
| Serie: | Colección Estudios Políticos, 17
|
| Ämnen: | |
| Taggar: |
Lägg till en tagg
Inga taggar, Lägg till första taggen!
|
MARC
| LEADER | 00000nam a2200000 a 4500 | ||
|---|---|---|---|
| 001 | UCX9110 | ||
| 003 | CL-VaPUC | ||
| 008 | 940516e19850000SP |||||||||||||||||spa|d | ||
| 082 | 0 | 4 | |a 320.953 |b LOP |2 21 |
| 100 | |a López García, Bernabé |e autor |9 614985 | ||
| 700 | 0 | |a Fernández Suzor, Cecilia |e author |9 326417 | |
| 245 | 1 | 0 | |a Introducción a los regímenes y constituciones árabes |
| 300 | |a 358 p | ||
| 942 | |c BK | ||
| 945 | |d 19940516 00:00:00 |a aalvarez | ||
| 260 | |a Madrid |b Centro de Estudios Constitucionales |c 1985 | ||
| 650 | 0 | |a Política y gobierno |9 255151 | |
| 650 | 7 | |a CONSTITUCIONALIDAD |2 CL-VaPUC |9 255951 | |
| 650 | 0 | |a Jurisprudencia |9 255952 | |
| 650 | 0 | |a Derecho constitucional |9 222588 | |
| 583 | |a last modification |c 20130926 04:52:34 |k Rodrigo Vera | ||
| 490 | 0 | |a Colección Estudios Políticos, 17 | |
| 999 | |c 228438 |d 228436 | ||
| 952 | |0 0 |1 0 |4 0 |6 320_953000000000000_LOP_1985 |7 0 |8 A |9 228481 |a BIBHIS |b BIBHIS |d 2019-11-15 |i 2980762 |o 320.953 LOP 1985 |p 2980762 |r 2025-01-20 |w 2019-11-15 |y BK |k HIS | ||